Statystyki dla Wszystkie polskie znaki w 15 sekund

Kliknij tutaj aby rozwiązać quiz!

Ogólne statystyki

  • Ten quiz został rozwiązany 224 razy
  • Średni wynik to 8 z 9

Statystyki odpowiedzi

HintOdpowiedź% Poprawnych
aą
100%
eę
99%
sś
96%
cć
93%
nń
90%
zż
88%
zź
86%
oó
78%
lł
74%

Rozkład punktacji

Percentyl według liczby udzielonych odpowiedzi

Procent ludzi z każdym wynikiem

Twoja historia wyników

Nie rozwiązałeś tego quizu